[Event "17. Europa ch Juvenil - Masculino s14"]
[Site "Sibenik CRO"]
[Date "2007.09.19"]
[Round "6.19"]
[White "Straka, Josef Jr"]
[Black "Urjubdshzirov, Erdni"]
[Result "0-1"]
[WhiteElo "2004"]
[BlackElo "2220"]
[PlyCount "180"]
[EventDate "2007.09.14"]
[EventType "swiss"]
[EventRounds "9"]
[EventCountry "CRO"]
[Source "lmi"]
[SourceDate "2007.09.14"]

1. e4 c5 2. Nf3 e6 3. d4 cxd4 4. Nxd4 Nc6 5. Nc3 Qc7 6. Be3 a6 7. Be2 b5 8.
Nxc6 Qxc6 9. Bf3 Bb7 10. O-O Qc7 11. Bd4 e5 12. Nd5 Qb8 13. Bc3 Bc6 14. Re1 b4
15. Bd2 Bxd5 16. exd5 Bd6 17. c4 bxc3 18. Bxc3 Ne7 19. Bxe5 O-O 20. Bxd6 Qxd6
21. Qe2 Ng6 22. Rac1 Rab8 23. b3 f6 24. Be4 f5 25. Bf3 Rf7 26. Qb2 Nf4 27. Qd4
g5 28. Rc3 g4 29. Bd1 Ng6 30. Qc5 Qf6 31. b4 d6 32. Qc4 Ne5 33. Qb3 Re8 34.
Rce3 f4 35. Re4 h5 36. f3 Kg7 37. a4 Rb8 38. b5 axb5 39. axb5 Rfb7 40. Rb4 Re7
41. Rf1 g3 42. h3 Ng6 43. Bc2 Ne5 44. Qa4 Rf7 45. Rfb1 Rb6 46. Qa1 Kh6 47. Kf1
Qd8 48. Qd4 Kg5 49. Ra4 Qd7 50. Bd1 Qb7 51. Be2 Qb8 52. Rba1 Rxb5 53. Bxb5
Qxb5+ 54. Kg1 Qe2 55. R4a3 Rb7 56. h4+ Kf5 57. Ra4 Qe3+ 58. Qxe3 fxe3 59. Re4
Rb3 60. Re1 Rd3 61. R4xe3 Rxd5 62. Re4 Rd2 63. R4e2 Rd4 64. Re4 Rd5 65. Kf1 Ng6
66. Re8 Rd2 67. Rg8 d5 68. Re2 Rd4 69. Ree8 Rxh4 70. Rxg6 Kxg6 71. Rg8+ Kf5 72.
Rxg3 Ra4 73. Rg8 Kf4 74. Rh8 Ke3 75. Re8+ Kf4 76. Rh8 Ke3 77. Re8+ Kd2 78. Re5
d4 79. Rxh5 d3 80. g4 Ke3 81. Kg2 d2 82. Rh1 Rc4 83. Rd1 Rc1 84. Rxd2 Kxd2 85.
Kf2 Rc4 86. g5 Kd3 87. Kg3 Ke3 88. g6 Rc6 89. Kg4 Rxg6+ 90. Kf5 Rg8 0-1

[Event "17. Europa ch Juvenil - Masculino s14"]
[Site "Sibenik CRO"]
[Date "2007.09.19"]
[Round "6.20"]
[White "Kosmas-Lekkas, Dimitiros"]
[Black "Lagarde, Maxime"]
[Result "1-0"]
[WhiteElo "1984"]
[BlackElo "2200"]
[PlyCount "39"]
[EventDate "2007.09.14"]
[EventType "swiss"]
[EventRounds "9"]
[EventCountry "CRO"]
[Source "lmi"]
[SourceDate "2007.09.14"]

1. d4 Nf6 2. c4 g6 3. Nc3 d5 4. Nf3 Bg7 5. Bg5 Ne4 6. Bh4 Nxc3 7. bxc3 dxc4 8.
Qa4+ Nd7 9. e3 O-O 10. Qa3 c5 11. Bxc4 b6 12. Bd5 Rb8 13. Qxa7 b5 14. Bg3 e5
15. dxe5 Ba6 16. O-O Rc8 17. Rfd1 Nxe5 18. Bxf7+ Rxf7 19. Rxd8+ Rxd8 20. Qxc5
1-0

[Event "17. Europa ch Juvenil - Masculino s14"]
[Site "Sibenik CRO"]
[Date "2007.09.19"]
[Round "6.22"]
[White "Hajiyev, Araz"]
[Black "Donskov, Anatoly"]
[Result "0-1"]
[WhiteElo "1851"]
[BlackElo "2061"]
[PlyCount "32"]
[EventDate "2007.09.14"]
[EventType "swiss"]
[EventRounds "9"]
[EventCountry "CRO"]
[Source "lmi"]
[SourceDate "2007.09.14"]

1. d4 e6 2. c4 f5 3. Nc3 Nf6 4. Bg5 Be7 5. e3 O-O 6. Bd3 d5 7. Qf3 c6 8. Nge2
Ne4 9. Bxe7 Qxe7 10. cxd5 exd5 11. O-O-O b5 12. h3 Nd7 13. Bxe4 fxe4 14. Qg3
Nb6 15. Nf4 Nc4 16. b3 Qa3+ 0-1

[Event "17. Europa ch Juvenil - Masculino s14"]
[Site "Sibenik CRO"]
[Date "2007.09.20"]
[Round "7.1"]
[White "Bogdanovich, Stanislav"]
[Black "Sjugirov, Sanan"]
[Result "0-1"]
[WhiteElo "2217"]
[BlackElo "2407"]
[PlyCount "146"]
[EventDate "2007.09.14"]
[EventType "swiss"]
[EventRounds "9"]
[EventCountry "CRO"]
[Source "lmi"]
[SourceDate "2007.09.14"]

1. e4 c5 2. Nf3 d6 3. c3 Nf6 4. Be2 g6 5. Qc2 Qc7 6. h3 Bg7 7. O-O O-O 8. d3 b6
9. Bf4 Nbd7 10. Nbd2 Bb7 11. Rac1 e5 12. Bh2 Rfe8 13. Rfe1 b5 14. Bf1 Qb6 15.
g3 d5 16. g4 Rad8 17. b3 Ba8 18. c4 bxc4 19. bxc4 dxe4 20. dxe4 h5 21. g5 Nh7
22. Nb1 f6 23. gxf6 Qxf6 24. Bg2 Ng5 25. Nxg5 Qxg5 26. Nc3 Nf8 27. Nd5 Ne6 28.
Kh1 Rf8 29. Qe2 Rd7 30. Qe3 Qd8 31. Rcd1 Kh7 32. h4 Nd4 33. Qg3 Rdf7 34. Rf1
Bxd5 35. cxd5 Rf4 36. Rb1 Rg4 37. Qe3 Qxh4 38. Rb7 Rxg2 39. Kxg2 Rf3 40. Bg3
Qg4 41. Qe1 Ne2 42. Rb3 Nf4+ 43. Kg1 Rxb3 44. axb3 Qh3 45. Bxf4 exf4 46. f3
Bd4+ 47. Rf2 Qxf3 48. d6 Qg3+ 49. Kf1 f3 50. Qd2 Qh3+ 51. Ke1 Qh1+ 52. Rf1 f2+
53. Ke2 Qxe4+ 54. Kd1 Qb1+ 55. Ke2 Qe4+ 56. Kd1 Qb1+ 57. Ke2 Qxb3 58. d7 Qe6+
59. Kd1 Qxd7 60. Qd3 Qe6 61. Qb5 a6 62. Qd3 Qa2 63. Qh3 Kh6 64. Rh1 Qb1+ 65.
Kd2 Qb2+ 66. Kd1 Qb1+ 67. Kd2 Qa2+ 68. Kd1 Qd5 69. Kd2 a5 70. Kd1 a4 71. Kd2 a3
72. Ke2 a2 73. Qh4 Qxh1 0-1

[Event "17. Europa ch Juvenil - Masculino s14"]
[Site "Sibenik CRO"]
[Date "2007.09.20"]
[Round "7.2"]
[White "Swiercz, Dariusz"]
[Black "Popilski, Gil"]
[Result "1-0"]
[WhiteElo "2281"]
[BlackElo "2193"]
[PlyCount "43"]
[EventDate "2007.09.14"]
[EventType "swiss"]
[EventRounds "9"]
[EventCountry "CRO"]
[Source "lmi"]
[SourceDate "2007.09.14"]

1. e4 c5 2. Nf3 e6 3. d4 cxd4 4. Nxd4 Nc6 5. Nb5 d6 6. Bf4 e5 7. Be3 Nf6 8.
N1c3 a6 9. Na3 b5 10. Nd5 Nxd5 11. exd5 Ne7 12. c4 bxc4 13. Nxc4 Nf5 14. Bd2 a5
15. Bd3 Nd4 16. O-O Bb7 17. Qa4+ Ke7 18. Rae1 Bxd5 19. f4 Ne6 20. fxe5 f6 21.
exf6+ gxf6 22. Qb5 1-0

[Event "17. Europa ch Juvenil - Masculino s14"]
[Site "Sibenik CRO"]
[Date "2007.09.20"]
[Round "7.3"]
[White "Stukopin, Andrey"]
[Black "Plat, Vojtech"]
[Result "1/2-1/2"]
[WhiteElo "2349"]
[BlackElo "2279"]
[PlyCount "32"]
[EventDate "2007.09.14"]
[EventType "swiss"]
[EventRounds "9"]
[EventCountry "CRO"]
[Source "lmi"]
[SourceDate "2007.09.14"]

1. e4 c5 2. Nf3 Nc6 3. d4 cxd4 4. Nxd4 g6 5. c4 Bg7 6. Be3 Nf6 7. Nc3 d6 8. Be2
O-O 9. Qd2 Nxd4 10. Bxd4 Qa5 11. f3 Be6 12. b3 Rfc8 13. Qb2 Qg5 14. g3 Ne8 15.
Bxg7 Nxg7 16. Qd2 Qxd2+ 1/2-1/2

[Event "17. Europa ch Juvenil - Masculino s14"]
[Site "Sibenik CRO"]
[Date "2007.09.20"]
[Round "7.4"]
[White "Aghasaryan, Robert"]
[Black "Ter-Sahakyan, Samvel"]
[Result "1/2-1/2"]
[WhiteElo "2198"]
[BlackElo "2343"]
[PlyCount "44"]
[EventDate "2007.09.14"]
[EventType "swiss"]
[EventRounds "9"]
[EventCountry "CRO"]
[Source "lmi"]
[SourceDate "2007.09.14"]

1. d4 Nf6 2. c4 c5 3. d5 e6 4. Nc3 exd5 5. cxd5 d6 6. e4 g6 7. f3 Bg7 8. Nge2
O-O 9. Ng3 Na6 10. Be2 Nc7 11. O-O Re8 12. a4 b6 13. Be3 a6 14. Qd2 Rb8 15.
Rab1 Bb7 16. Bf2 Nd7 17. Rfe1 Qe7 18. f4 Qd8 19. Bf3 b5 20. axb5 Nxb5 21. Nxb5
axb5 22. b4 c4 1/2-1/2

[Event "17. Europa ch Juvenil - Masculino s14"]
[Site "Sibenik CRO"]
[Date "2007.09.20"]
[Round "7.5"]
[White "Baghdasaryan, Vahe"]
[Black "Arribas Lopez, Angel"]
[Result "1-0"]
[WhiteElo "2094"]
[BlackElo "2292"]
[PlyCount "65"]
[EventDate "2007.09.14"]
[EventType "swiss"]
[EventRounds "9"]
[EventCountry "CRO"]
[Source "lmi"]
[SourceDate "2007.09.14"]

1. e4 c5 2. Nf3 Nc6 3. d4 cxd4 4. Nxd4 Nf6 5. Nc3 e5 6. Ndb5 d6 7. Nd5 Nxd5 8.
exd5 Nb8 9. Qf3 a6 10. Qa3 Be7 11. Bg5 f6 12. Bd2 O-O 13. Bb4 Qd7 14. O-O-O b6
15. Bd2 Qb7 16. Nc3 Bf5 17. f3 Rc8 18. g4 Bg6 19. h4 b5 20. h5 Bf7 21. Be3 Nd7
22. Qb4 Nb6 23. Bxb6 Qxb6 24. Qe4 g6 25. Bd3 Kg7 26. hxg6 hxg6 27. f4 Qd4 28.
fxe5 fxe5 29. Qg2 Bg5+ 30. Kb1 Rxc3 31. bxc3 Qxd5 32. Rh7+ Kf8 33. Rxf7+ 1-0

[Event "17. Europa ch Juvenil - Masculino s14"]
[Site "Sibenik CRO"]
[Date "2007.09.20"]
[Round "7.6"]
[White "Urkedal, Frode"]
[Black "Pavlidis, Antonios"]
[Result "0-1"]
[WhiteElo "2235"]
[BlackElo "2175"]
[PlyCount "94"]
[EventDate "2007.09.14"]
[EventType "swiss"]
[EventRounds "9"]
[EventCountry "CRO"]
[Source "lmi"]
[SourceDate "2007.09.14"]

1. d4 Nf6 2. Bg5 d5 3. Bxf6 gxf6 4. e3 c5 5. c3 Nc6 6. Nf3 e5 7. Be2 Rg8 8. g3
Be6 9. Qc2 h6 10. Nbd2 Qb6 11. dxe5 fxe5 12. e4 dxe4 13. Nxe4 O-O-O 14. Ned2 f5
15. Bc4 Na5 16. Bxe6+ Qxe6 17. O-O e4 18. Nh4 Nc6 19. Qb3 Qxb3 20. Nxb3 c4 21.
Nd4 Nxd4 22. cxd4 Rxd4 23. Nxf5 Rd2 24. Rac1 b5 25. a4 a6 26. axb5 axb5 27. b3
Bc5 28. Nxh6 Rg5 29. bxc4 b4 30. Kg2 e3 31. h4 Rg6 32. Nf5 Rxf2+ 33. Rxf2 exf2
34. Rd1 Kc7 35. h5 Re6 36. Rd5 Kb6 37. Nd4 Re1 38. Kxf2 Rd1 39. Ke3 Rxd4 40.
Rxd4 b3 41. Kd2 Bxd4 42. g4 Kc5 43. g5 Kxc4 44. h6 Be5 45. h7 Bh8 46. Kc1 Kc3
47. g6 Bg7 0-1

[Event "17. Europa ch Juvenil - Masculino s14"]
[Site "Sibenik CRO"]
[Date "2007.09.20"]
[Round "7.7"]
[White "Zherebukh, Yaroslav"]
[Black "Stella, Andrea"]
[Result "1-0"]
[WhiteElo "2418"]
[BlackElo "2132"]
[PlyCount "57"]
[EventDate "2007.09.14"]
[EventType "swiss"]
[EventRounds "9"]
[EventCountry "CRO"]
[Source "lmi"]
[SourceDate "2007.09.14"]

1. e4 e6 2. d4 d5 3. Nc3 Bb4 4. e5 c5 5. a3 Bxc3+ 6. bxc3 Ne7 7. Qg4 O-O 8. Bd3
f5 9. exf6 Rxf6 10. Qh5 h6 11. g4 Nbc6 12. g5 g6 13. Qh4 Rf7 14. gxh6 Qa5 15.
Bd2 c4 16. Bxg6 Nxg6 17. Qg3 Nce7 18. h4 Kh8 19. h5 Nf4 20. Bxf4 e5 21. Bxe5+
Kh7 22. Kf1 Bf5 23. Nf3 Rg8 24. Bg7 Rgxg7 25. hxg7 Rxg7 26. Ng5+ Kh8 27. h6 Rg6
28. Qe5+ Kg8 29. h7+ 1-0

[Event "17. Europa ch Juvenil - Masculino s14"]
[Site "Sibenik CRO"]
[Date "2007.09.20"]
[Round "7.8"]
[White "Kaphle, Stephan"]
[Black "Kanarek, Marcel"]
[Result "0-1"]
[WhiteElo "2156"]
[BlackElo "2226"]
[PlyCount "140"]
[EventDate "2007.09.14"]
[EventType "swiss"]
[EventRounds "9"]
[EventCountry "CRO"]
[Source "lmi"]
[SourceDate "2007.09.14"]

1. e4 c5 2. Nf3 d6 3. d4 Nf6 4. Nc3 cxd4 5. Nxd4 g6 6. Be3 Bg7 7. f3 a6 8. Qd2
Nbd7 9. O-O-O b5 10. Kb1 Bb7 11. Bh6 Bxh6 12. Qxh6 b4 13. Nce2 Qb6 14. Nc1 a5
15. Bc4 Rc8 16. Bb3 e5 17. Nde2 Qc6 18. Rd2 a4 19. Bd5 Nxd5 20. exd5 Qb5 21.
Rhd1 Nb6 22. f4 Nxd5 23. Rxd5 Bxd5 24. fxe5 Be4 25. Nd4 Qxe5 26. Rd2 Rc4 27.
Nf3 Qf6 28. Re2 a3 29. Nd3 Kd7 30. Qe3 Rhc8 31. Qa7+ R8c7 32. Qa4+ Bc6 33. Qb3
Bd5 34. Qa4+ Bc6 35. Qb3 Bxf3 36. gxf3 Qd4 37. bxa3 bxa3 38. Qxa3 Qc3 39. Qa6
R4c6 40. Qb5 Qc4 41. Qb8 Rc8 42. Qa7+ R6c7 43. Qb6 Qd5 44. Qe3 Rb7+ 45. Kc1 Kc7
46. a3 Kb8 47. Nb4 Qc4 48. Qd2 Ka8 49. Re4 Qc3 50. Qxd6 Qxa3+ 51. Kd2 Qa5 52.
Rd4 Qc5 53. Qf4 Qc3+ 54. Ke2 Re8+ 55. Kf2 g5 56. Qd6 Qe1+ 57. Kg2 Re2+ 58. Kh3
Qf1+ 59. Kg4 Qg2+ 60. Qg3 Qxh2 61. Qxh2 Rxh2 62. Kxg5 Rb5+ 63. Kf6 h5 64. c3 h4
65. Nd5 Kb7 66. Kxf7 h3 67. c4 Rb3 68. f4 Rf2 69. Rd1 h2 70. Rh1 Rg3 0-1

[Event "17. Europa ch Juvenil - Masculino s14"]
[Site "Sibenik CRO"]
[Date "2007.09.20"]
[Round "7.9"]
[White "Gretarsson, Hjorvar Stein"]
[Black "Dragomirescu, Robin-Alexandru"]
[Result "0-1"]
[WhiteElo "2168"]
[BlackElo "2189"]
[PlyCount "102"]
[EventDate "2007.09.14"]
[EventType "swiss"]
[EventRounds "9"]
[EventCountry "CRO"]
[Source "lmi"]
[SourceDate "2007.09.14"]

1. c4 Nf6 2. Nc3 g6 3. e4 d6 4. d4 Bg7 5. f3 O-O 6. Nge2 Nc6 7. Be3 a6 8. Qd2
Rb8 9. Rb1 b5 10. cxb5 axb5 11. b4 e5 12. d5 Ne7 13. Nc1 Bd7 14. Nb3 Nh5 15.
Bd3 f5 16. O-O f4 17. Ba7 Ra8 18. Bf2 Qe8 19. Rfc1 g5 20. h3 Ng6 21. Ne2 Nf6
22. Rxc7 h5 23. Kf1 g4 24. hxg4 hxg4 25. Ke1 gxf3 26. gxf3 Nh5 27. Na5 Ng3 28.
Ng1 Nh4 29. Kd1 Nxf3 30. Nxf3 Bg4 31. Bxg3 Bxf3+ 32. Kc2 Rc8 33. Rxc8 Qxc8+ 34.
Nc6 fxg3 35. Kb3 Qg4 36. Ne7+ Kh7 37. Qe1 Rf4 38. Qe3 Bh6 39. Nf5 Rxf5 40. Qa7+
Qg7 41. Qxg7+ Kxg7 42. exf5 Bxd5+ 43. Kb2 g2 44. Bxb5 Be3 45. a4 g1=Q 46. Rxg1+
Bxg1 47. a5 Kf6 48. Bf1 Kxf5 49. b5 Bc5 50. Bh3+ Kf4 51. Bd7 e4 0-1

[Event "17. Europa ch Juvenil - Masculino s14"]
[Site "Sibenik CRO"]
[Date "2007.09.20"]
[Round "7.10"]
[White "Iljiushenok, Ilia"]
[Black "Petenyi, Tamas"]
[Result "1/2-1/2"]
[WhiteElo "2157"]
[BlackElo "2180"]
[PlyCount "158"]
[EventDate "2007.09.14"]
[EventType "swiss"]
[EventRounds "9"]
[EventCountry "CRO"]
[Source "lmi"]
[SourceDate "2007.09.14"]

1. c4 c5 2. Nf3 b6 3. g3 Bb7 4. Bg2 e6 5. O-O Nf6 6. Nc3 Be7 7. b3 d5 8. cxd5
Nxd5 9. Nxd5 Bxd5 10. Bb2 O-O 11. Qc2 Nc6 12. Rad1 Nd4 13. Qd3 Bf6 14. Nxd4
Bxg2 15. Kxg2 cxd4 16. Rc1 Rc8 17. Rxc8 Qxc8 18. Rc1 Qb7+ 19. f3 e5 20. a4 Rc8
21. Rxc8+ Qxc8 22. Qc4 Qxc4 23. bxc4 Kf8 24. f4 Ke7 25. Kf3 Ke6 26. d3 g5 27.
fxg5 Bxg5 28. g4 f5 29. h3 Bd2 30. Ba3 Bg5 31. gxf5+ Kxf5 32. Bd6 Bd8 33. Bb8
a6 34. Bd6 Ke6 35. Bf8 Kf5 36. Ba3 Bc7 37. Be7 Ke6 38. Bg5 Kf5 39. Bh4 a5 40.
Be7 Ke6 41. Bg5 h5 42. Ke4 Kd6 43. Kf5 Kc5 44. Bd2 h4 45. Be1 Bd6 46. Kg4 Be7
47. Bxh4 Bxh4 48. Kxh4 Kb4 49. Kg4 Kxa4 50. h4 Kb3 51. h5 a4 52. h6 a3 53. h7
a2 54. h8=Q a1=Q 55. Qxe5 Kc3 56. Kf5 Qa8 57. Ke6 Qc6+ 58. Ke7 Qb7+ 59. Kd8 Qc6
60. Qd5 Qf6+ 61. Kd7 Kd2 62. Qe4 Qf2 63. Kc6 Qxe2 64. Qxd4 Qxd3 65. Qb2+ Kd1
66. Qb5 Kc2 67. Kxb6 Qd8+ 68. Kb7 Qe7+ 69. Ka6 Qa3+ 70. Kb6 Qd6+ 71. Qc6 Qb4+
72. Kc7 Kc3 73. c5 Kc4 74. Kd6 Qb8+ 75. Ke6 Qg8+ 76. Ke5 Qg5+ 77. Kd6 Qd8+ 78.
Qd7 Qxd7+ 79. Kxd7 Kxc5 1/2-1/2

[Event "17. Europa ch Juvenil - Masculino s14"]
[Site "Sibenik CRO"]
[Date "2007.09.20"]
[Round "7.11"]
[White "Meskovs, Nikita"]
[Black "Firat, Burak"]
[Result "1-0"]
[WhiteElo "2036"]
[BlackElo "2113"]
[PlyCount "59"]
[EventDate "2007.09.14"]
[EventType "swiss"]
[EventRounds "9"]
[EventCountry "CRO"]
[Source "lmi"]
[SourceDate "2007.09.14"]

1. d4 d5 2. c4 c6 3. Nc3 Nf6 4. cxd5 cxd5 5. Bf4 Nc6 6. e3 a6 7. Bd3 e6 8. Rc1
Bd6 9. Bxd6 Qxd6 10. f4 O-O 11. Nf3 b5 12. O-O Na5 13. Ne5 Bb7 14. Rf3 Rfc8 15.
g4 Ne4 16. g5 f5 17. gxf6 gxf6 18. Bxe4 dxe4 19. Rg3+ Kf8 20. Qh5 Qc7 21. Qh6+
Ke7 22. Rg7+ Kd6 23. Rxc7 Rxc7 24. Qxf6 Rg8+ 25. Kh1 Rcg7 26. f5 Kc7 27. fxe6
Bc8 28. e7 Bh3 29. Nd5+ Kb8 30. Nf4 1-0

[Event "17. Europa ch Juvenil - Masculino s14"]
[Site "Sibenik CRO"]
[Date "2007.09.20"]
[Round "7.12"]
[White "Donskov, Anatoly"]
[Black "Graf, Felix"]
[Result "0-1"]
[WhiteElo "2061"]
[BlackElo "2273"]
[PlyCount "154"]
[EventDate "2007.09.14"]
[EventType "swiss"]
[EventRounds "9"]
[EventCountry "CRO"]
[Source "lmi"]
[SourceDate "2007.09.14"]

1. e4 e6 2. d4 d5 3. Nc3 Bb4 4. Nge2 Nf6 5. Bg5 dxe4 6. a3 Be7 7. Bxf6 gxf6 8.
Nxe4 b6 9. N2c3 Bb7 10. Qf3 c6 11. O-O-O f5 12. Ng3 Nd7 13. Bc4 Nf6 14. Rhe1
Qd7 15. Nh5 O-O-O 16. Nf4 Nd5 17. Nfxd5 cxd5 18. Bb5 Qc7 19. g3 h5 20. Qd3 h4
21. Ne2 Kb8 22. f4 hxg3 23. hxg3 Rh2 24. Rh1 Rdh8 25. Qf3 Qc8 26. Rxh2 Rxh2 27.
Rh1 Qh8 28. Rxh2 Qxh2 29. Kd2 a6 30. Bd3 Qh3 31. c3 Ka7 32. Ng1 Qh2+ 33. Ne2
Qh3 34. Ng1 Qh8 35. Qg2 Bc6 36. Qh3 Qxh3 37. Nxh3 b5 38. b4 Kb6 39. Ng1 f6 40.
Nf3 Be8 41. Ke3 Kc7 42. Nh4 Bh5 43. Kf2 Bd6 44. Ke3 Bd1 45. Bb1 Kd7 46. Bd3 Ke7
47. Bb1 Kf7 48. Bd3 Bg4 49. Bc2 Bc7 50. Bb3 Kg7 51. Bc2 Kh6 52. Bb3 Kh5 53. Bc2
Bd6 54. Kf2 Bxf4 55. gxf4 Kxh4 56. a4 Bh5 57. axb5 axb5 58. Bd3 Be8 59. Be2 Bd7
60. Bf3 Bc6 61. Be2 Be8 62. Kg2 e5 63. dxe5 fxe5 64. fxe5 Kg5 65. Bd3 Kf4 66.
e6 Ke3 67. Bxf5 Kd2 68. Kf2 Kxc3 69. Bg4 Kxb4 70. Ke2 Kc3 71. Kd1 d4 72. Kc1 d3
73. Bd1 b4 74. e7 b3 75. Kb1 d2 76. Ka1 b2+ 77. Ka2 Bf7+ 0-1

[Event "17. Europa ch Juvenil - Masculino s14"]
[Site "Sibenik CRO"]
[Date "2007.09.20"]
[Round "7.13"]
[White "Urjubdshzirov, Erdni"]
[Black "Vlasak, Lukas"]
[Result "0-1"]
[WhiteElo "2220"]
[BlackElo "2059"]
[PlyCount "58"]
[EventDate "2007.09.14"]
[EventType "swiss"]
[EventRounds "9"]
[EventCountry "CRO"]
[Source "lmi"]
[SourceDate "2007.09.14"]

1. e4 c5 2. Nf3 Nc6 3. d4 cxd4 4. Nxd4 Nf6 5. Nc3 e5 6. Ndb5 d6 7. Bg5 a6 8.
Na3 b5 9. Nd5 Be7 10. Bxf6 Bxf6 11. c4 Nd4 12. cxb5 O-O 13. bxa6 Bg5 14. b4
Rxa6 15. Nc2 Bg4 16. Qd3 Qc8 17. Nxd4 Rxa2 18. Rb1 exd4 19. f4 Be6 20. Nb6 Qb7
21. fxg5 Qxb6 22. Be2 Rc8 23. Qb5 Qa7 24. Bd3 Rb8 25. Qc6 Qa3 26. O-O Qxd3 27.
Qxd6 Rba8 28. b5 Qxe4 29. Qg3 Bd5 0-1

[Event "17. Europa ch Juvenil - Masculino s14"]
[Site "Sibenik CRO"]
[Date "2007.09.20"]
[Round "7.14"]
[White "Kantans, Toms"]
[Black "Kovalev, Vladislav"]
[Result "1-0"]
[WhiteElo "1928"]
[BlackElo "2154"]
[PlyCount "79"]
[EventDate "2007.09.14"]
[EventType "swiss"]
[EventRounds "9"]
[EventCountry "CRO"]
[Source "lmi"]
[SourceDate "2007.09.14"]

1. Nf3 Nf6 2. c4 g6 3. g3 Bg7 4. Bg2 O-O 5. O-O d6 6. d4 c6 7. b3 Qa5 8. Bb2
Qh5 9. Nbd2 Bg4 10. Qc2 Nbd7 11. Rfe1 Bh3 12. e4 Ng4 13. Nf1 Rae8 14. Rad1 h6
15. Nh4 Bxg2 16. Kxg2 Qa5 17. h3 Ngf6 18. e5 Nh5 19. e6 Ndf6 20. exf7+ Rxf7 21.
Nxg6 Nh7 22. f4 Nf8 23. Bc3 Qa6 24. Rd2 b5 25. Rde2 Qb7 26. Kh2 Qd7 27. Ne3 c5
28. Nxf8 Rexf8 29. dxc5 Bxc3 30. Qxc3 Rg7 31. Ng4 Nxg3 32. Qxg3 h5 33. Nf6+ Kf7
34. Qxg7+ Kxg7 35. Rxe7+ Qxe7 36. Rxe7+ Kxf6 37. cxd6 bxc4 38. d7 c3 39. Re8 c2
40. d8=Q+ 1-0

[Event "17. Europa ch Juvenil - Masculino s14"]
[Site "Sibenik CRO"]
[Date "2007.09.20"]
[Round "7.15"]
[White "Raznikov, Danny"]
[Black "Kosmas-Lekkas, Dimitiros"]
[Result "1/2-1/2"]
[WhiteElo "2154"]
[BlackElo "1984"]
[PlyCount "152"]
[EventDate "2007.09.14"]
[EventType "swiss"]
[EventRounds "9"]
[EventCountry "CRO"]
[Source "lmi"]
[SourceDate "2007.09.14"]

1. d4 Nf6 2. Nf3 g6 3. c4 Bg7 4. Nc3 d6 5. e4 O-O 6. Be2 e5 7. Be3 Ng4 8. Bg5
f6 9. Bh4 h5 10. h3 Nh6 11. dxe5 dxe5 12. Qxd8 Rxd8 13. Nd5 g5 14. Nxc7 gxh4
15. Nxa8 Na6 16. Rd1 Rxd1+ 17. Kxd1 b6 18. Kc1 Bb7 19. Rd1 Nf7 20. c5 Bh6+ 21.
Kb1 Nxc5 22. Nc7 Bxe4+ 23. Ka1 Bc2 24. Rf1 Nd6 25. Nd5 Kf7 26. Nxh4 Nde4 27.
Nb4 Ba4 28. Bc4+ Ke8 29. Nf3 Nd6 30. Be2 Ne6 31. Nd5 Kf7 32. Bd1 Bb5 33. Re1 e4
34. Nh4 Nd4 35. Nc3 Bd3 36. Bb3+ Nxb3+ 37. axb3 Bg5 38. g3 Bxh4 39. gxh4 Ke6
40. Rg1 Nf5 41. Rg8 Ne7 42. Rh8 f5 43. Rh6+ Kf7 44. Rxh5 f4 45. Nd5 Nxd5 46.
Rxd5 Kg6 47. b4 Ba6 48. Rg5+ Kf6 49. Rg4 Kf5 50. h5 e3 51. fxe3 fxe3 52. Rg1
Kf4 53. Kb1 e2 54. Kc1 Ke3 55. Rh1 Bd3 56. h6 Be4 57. Re1 Bd3 58. b5 Be4 59. h4
Bd3 60. Rh1 Be4 61. Rg1 Kf2 62. Kd2 Kxg1 63. Kxe2 Kg2 64. Ke3 Bb1 65. Kd4 Kg3
66. Kd5 Kxh4 67. Kc6 Kg5 68. Kb7 Kxh6 69. Kxa7 Kg5 70. Kxb6 Kf5 71. Kc7 Ke5 72.
b6 Be4 73. b4 Kd4 74. b7 Bxb7 75. Kxb7 Kc4 76. Kc7 Kxb4 1/2-1/2

[Event "17. Europa ch Juvenil - Masculino s14"]
[Site "Sibenik CRO"]
[Date "2007.09.20"]
[Round "7.16"]
[White "Dubessay, Bastien"]
[Black "Laurusas, Tomas"]
[Result "0-1"]
[WhiteElo "2117"]
[BlackElo "1888"]
[PlyCount "96"]
[EventDate "2007.09.14"]
[EventType "swiss"]
[EventRounds "9"]
[EventCountry "CRO"]
[Source "lmi"]
[SourceDate "2007.09.14"]

1. d4 Nf6 2. c4 g6 3. Nc3 d5 4. cxd5 Nxd5 5. e4 Nxc3 6. bxc3 Bg7 7. Bc4 c5 8.
Ne2 Nc6 9. Be3 O-O 10. O-O Bd7 11. Rb1 Qc7 12. Bf4 Qc8 13. d5 Na5 14. Bd3 e5
15. Be3 f5 16. exf5 gxf5 17. f3 b6 18. Qe1 Nb7 19. Qh4 Nd6 20. Ng3 Be8 21. Rbe1
Bg6 22. Nh5 Bxh5 23. Qxh5 Qe8 24. Qh4 Qg6 25. Kh1 e4 26. Bg5 Bxc3 27. Re2 Nf7
28. Be7 exd3 29. Re6 Qg7 30. Bxf8 Rxf8 31. Re3 Qd4 32. Qxd4 cxd4 33. Rxd3 Ne5
34. Rdd1 Rd8 35. h3 f4 36. g3 Rxd5 37. gxf4 Ng6 38. Rg1 Kf7 39. Rg4 h5 40. Rg5
Nxf4 41. Rxd5 Nxd5 42. h4 Ke6 43. Kg1 Ne3 44. Rd3 Nf5 45. Kf2 Nxh4 46. Kg3 Ng6
47. Rd1 Kf5 48. Rh1 h4+ 0-1

[Event "17. Europa ch Juvenil - Masculino s14"]
[Site "Sibenik CRO"]
[Date "2007.09.20"]
[Round "7.19"]
[White "Tomazini, Aljosa"]
[Black "Szabo, Bence"]
[Result "1/2-1/2"]
[WhiteElo "1989"]
[BlackElo "2131"]
[PlyCount "91"]
[EventDate "2007.09.14"]
[EventType "swiss"]
[EventRounds "9"]
[EventCountry "CRO"]
[Source "lmi"]
[SourceDate "2007.09.14"]

1. e4 e5 2. Nc3 Nf6 3. f4 d5 4. fxe5 Nxe4 5. Nf3 Be7 6. d3 Nxc3 7. bxc3 O-O 8.
Be2 c5 9. d4 Nc6 10. O-O Be6 11. Qe1 Qd7 12. Qg3 Kh8 13. Bd2 f6 14. exf6 Bxf6
15. Bg5 Bxg5 16. Qxg5 Bf5 17. Qd2 c4 18. Nh4 Be4 19. Bf3 Bxf3 20. Nxf3 Rae8 21.
Rf2 Kg8 22. Raf1 Qd6 23. Qg5 h6 24. Qd2 Qf4 25. Qxf4 Rxf4 26. Nd2 Rxf2 27. Kxf2
g5 28. Rb1 b6 29. Rb5 Rd8 30. Rb1 Kf7 31. Rf1 Rd6 32. g4 Rf6+ 33. Nf3 Ne7 34.
Kg3 Ng6 35. Rf2 a6 36. Re2 Re6 37. Rxe6 Kxe6 38. h4 Kf6 39. h5 Nf4 40. Kf2 Ke6
41. Ne5 a5 42. Ke3 Ng2+ 43. Kf2 Nf4 44. Ke3 Ng2+ 45. Kf2 Nf4 46. Ke3 1/2-1/2

[Event "17. Europa ch Juvenil - Masculino s14"]
[Site "Sibenik CRO"]
[Date "2007.09.20"]
[Round "7.20"]
[White "Nikolashvili, Giorgi"]
[Black "Piskun, Alexey"]
[Result "1-0"]
[WhiteElo "2103"]
[BlackElo "2034"]
[PlyCount "55"]
[EventDate "2007.09.14"]
[EventType "swiss"]
[EventRounds "9"]
[EventCountry "CRO"]
[Source "lmi"]
[SourceDate "2007.09.14"]

1. d4 d5 2. c4 e6 3. Nc3 Be7 4. Nf3 Nf6 5. Bf4 O-O 6. e3 a6 7. c5 Nbd7 8. Bd3
c6 9. b4 Ne8 10. Qc2 g6 11. a4 a5 12. b5 f6 13. Bh6 Rf7 14. e4 Bf8 15. Be3 Ng7
16. O-O Be7 17. b6 e5 18. exd5 exd4 19. Nxd4 Nxc5 20. Bc4 cxd5 21. Nxd5 Nge6
22. Nc7 Nxc7 23. bxc7 Qxc7 24. Qa2 Bf8 25. Nb5 Qd7 26. Rfd1 Qe8 27. Nc7 Qe7 28.
Bxf7+ 1-0

[Event "17. Europa ch Juvenil - Masculino s14"]
[Site "Sibenik CRO"]
[Date "2007.09.20"]
[Round "7.21"]
[White "Manoeuvre, Antoine"]
[Black "Feher, Adam"]
[Result "1-0"]
[WhiteElo "2101"]
[BlackElo "1977"]
[PlyCount "85"]
[EventDate "2007.09.14"]
[EventType "swiss"]
[EventRounds "9"]
[EventCountry "CRO"]
[Source "lmi"]
[SourceDate "2007.09.14"]

1. d4 c5 2. d5 e5 3. c4 d6 4. Nc3 Be7 5. e4 Bg5 6. Bd3 Bxc1 7. Qxc1 Ne7 8. Nge2
Ng6 9. O-O O-O 10. a3 a5 11. b3 Nd7 12. Rb1 Qh4 13. g3 Qh3 14. f3 Nf6 15. b4
axb4 16. axb4 cxb4 17. Rxb4 h5 18. Rf2 Nd7 19. Na4 Kh7 20. Nec3 Nc5 21. Bf1 Qd7
22. Nb6 Qc7 23. Nxa8 Qa5 24. Rb1 Qxa8 25. Ra2 Qb8 26. Qg5 h4 27. f4 exf4 28.
gxf4 Kg8 29. Kh1 Re8 30. f5 Re5 31. Qd8+ Nf8 32. Rba1 Na6 33. Bh3 Qa7 34. Qxh4
Qd4 35. Qg3 Qxc4 36. Rg2 g6 37. Rag1 Nb4 38. fxg6 Nxg6 39. Qf4 Re7 40. Bxc8
Qxc3 41. Rxg6+ fxg6 42. Rxg6+ Qg7 43. Rxg7+ 1-0